Tribal Resource Guide (Record no. 206639)

MARC details
000 -LEADER
fixed length control field 00652nam a22001937a 4500
005 - DATE AND TIME OF LATEST TRANSACTION
control field 20241119111658.0
010 ## - LCCN (DPL NO)
LC control number ENG--142320
020 ## - INTERNATIONAL STANDARD BOOK NUMBER
International Standard Book Number 9788192648293
Terms of availability 695.00
035 ## - SYSTEM CONTROL NUMBER
System control number EN-125852
037 ## - SOURCE OF ACQUISITION
Source of stock number/acquisition DBAD
082 ## - DEWEY DECIMAL CLASSIFICATION NUMBER
Classification number 371.90
100 ## - MAIN ENTRY--PERSONAL NAME
Personal name Department of Homeland Security
245 ## - TITLE STATEMENT
Title Tribal Resource Guide
Statement of responsibility, etc by Department of Homeland Security
250 ## - EDITION STATEMENT
Edition statement First
260 ## - PUBLICATION, DISTRIBUTION, ETC. (IMPRINT)
Place of publication, distribution, etc Delhi
Name of publisher, distributor, etc Books for Libraries
Date of publication, distribution, etc 2020
270 ## - ADDRESS
Address B-420, Shahbad, Daulatpur, Near Vikram Dharam Kanta
City Delhi
Postal code 110042
Telephone number 9212268682
-- 9868224781
Electronic mail address booksforlibraries@hotmail.com
300 ## - PHYSICAL DESCRIPTION
Extent 162pbk.
Dimensions 21cm(HB)
942 ## - ADDED ENTRY ELEMENTS (KOHA)
Source of classification or shelving scheme Dewey Decimal Classification
Item type English Books
Classification part 371.90
Call number suffix TRI
Holdings
Withdrawn status Lost status Not for loan Collection code Home library Current library Date acquired Source of acquisition Cost, normal purchase price Full call number Barcode Copy number Cost, replacement price Koha item type
      Non-fiction Bawana Bawana 23/10/2024 DBAD 695.00 371.90 TRI EN-125852 1 695.00 English Books

© Delhi Public Library
Hit Counter
free hit counter